[Event "DEM U18 2024"]
[Site "Willingen GER"]
[Date "2024.05.22"]
[Round "6"]
[White "Chassard, Cedric"]
[Black "Heinrich, John"]
[Result "0-1"]
[Termination "normal"]
[Board "3"]
[WhiteTitle "FM"]
[WhiteElo "2246"]
[BlackElo "2277"]
[WhiteClock "00:09:12"]
[BlackClock "00:13:30"]
[PlyCount "138"]
[WhiteFideId "16243536"]
[BlackFideId "16259491"]
[EventCountry "GER"]
[EventRounds "9"]
[EventType "swiss"]
[EventDate "2024.05.18"]

1. e4 {[%clk 01:30:58]} {[%emt 00:00:01]} c5 {[%clk 01:30:47]} {[%emt
00:00:13]} 2. Nf3 {[%clk 01:31:23]} {[%emt 00:00:04]} d6 {[%clk 01:31:08]}
{[%emt 00:00:10]} 3. Bb5+ {[%clk 01:31:49]} {[%emt 00:00:04]} Nd7 {[%clk
01:30:06]} {[%emt 00:01:31]} 4. Ba4 {[%clk 01:31:19]} {[%emt 00:01:01]} Ngf6
{[%clk 01:28:59]} {[%emt 00:01:35]} 5. O-O {[%clk 01:31:35]} {[%emt 00:00:16]}
e6 {[%clk 01:27:55]} {[%emt 00:01:34]} 6. Re1 {[%clk 01:29:42]} {[%emt
00:02:22]} Be7 {[%clk 01:24:17]} {[%emt 00:04:09]} 7. c3 {[%clk 01:27:20]}
{[%emt 00:02:52]} a6 {[%clk 01:23:50]} {[%emt 00:00:58]} 8. d4 {[%clk
01:26:15]} {[%emt 00:01:35]} b5 {[%clk 01:24:08]} {[%emt 00:00:12]} 9. Bc2
{[%clk 01:26:37]} {[%emt 00:00:08]} Bb7 {[%clk 01:23:49]} {[%emt 00:00:48]} 10.
e5 {[%clk 01:26:12]} {[%emt 00:00:54]} dxe5 {[%clk 01:23:34]} {[%emt 00:00:46]}
11. dxe5 {[%clk 01:26:33]} {[%emt 00:00:09]} Nd5 {[%clk 01:23:50]} {[%emt
00:00:13]} 12. Nbd2 {[%clk 01:25:41]} {[%emt 00:01:23]} Qc7 {[%clk 01:22:46]}
{[%emt 00:01:35]} 13. Ne4 {[%clk 01:18:53]} {[%emt 00:07:17]} c4 {[%clk
01:20:04]} {[%emt 00:03:12]} 14. Bg5 {[%clk 01:12:22]} {[%emt 00:07:00]} O-O
{[%clk 01:19:32]} {[%emt 00:01:02]} 15. Qd2 {[%clk 01:07:21]} {[%emt 00:05:31]}
Rfd8 {[%clk 01:09:52]} {[%emt 00:10:11]} 16. Rad1 {[%clk 01:04:37]} {[%emt
00:03:14]} Nf8 {[%clk 01:02:26]} {[%emt 00:07:56]} 17. h4 {[%clk 00:59:00]}
{[%emt 00:06:07]} Nb4 {[%clk 00:57:36]} {[%emt 00:05:19]} 18. Nd4 {[%clk
00:56:17]} {[%emt 00:03:14]} Nxc2 {[%clk 00:55:44]} {[%emt 00:02:22]} 19. Qxc2
{[%clk 00:56:44]} {[%emt 00:00:03]} Ng6 {[%clk 00:50:14]} {[%emt 00:05:59]} 20.
Bxe7 {[%clk 00:49:22]} {[%emt 00:07:52]} Qxe7 {[%clk 00:49:12]} {[%emt
00:01:33]} 21. Ng5 {[%clk 00:49:25]} {[%emt 00:00:26]} Bd5 {[%clk 00:45:39]}
{[%emt 00:04:03]} 22. Ndf3 {[%clk 00:47:50]} {[%emt 00:02:05]} Bxf3 {[%clk
00:43:42]} {[%emt 00:02:27]} 23. Nxf3 {[%clk 00:47:43]} {[%emt 00:00:37]} Nxh4
{[%clk 00:43:31]} {[%emt 00:00:42]} 24. Nd4 {[%clk 00:44:24]} {[%emt 00:03:49]}
Qg5 {[%clk 00:41:59]} {[%emt 00:02:01]} 25. Qe4 {[%clk 00:44:23]} {[%emt
00:00:31]} Rac8 {[%clk 00:35:13]} {[%emt 00:07:16]} 26. g3 {[%clk 00:40:56]}
{[%emt 00:03:57]} Ng6 {[%clk 00:34:13]} {[%emt 00:01:30]} 27. Nf3 {[%clk
00:37:46]} {[%emt 00:03:41]} Qe7 {[%clk 00:29:24]} {[%emt 00:05:18]} 28. Nd4
{[%clk 00:27:27]} {[%emt 00:10:50]} Qc5 {[%clk 00:27:29]} {[%emt 00:02:24]} 29.
Nf3 {[%clk 00:25:50]} {[%emt 00:02:07]} Qc7 {[%clk 00:25:00]} {[%emt 00:02:59]}
30. Kg2 {[%clk 00:25:37]} {[%emt 00:00:43]} Rd7 {[%clk 00:24:12]} {[%emt
00:01:18]} 31. Rxd7 {[%clk 00:25:17]} {[%emt 00:00:50]} Qxd7 {[%clk 00:24:35]}
{[%emt 00:00:07]} 32. Re2 {[%clk 00:25:29]} {[%emt 00:00:19]} Ne7 {[%clk
00:12:49]} {[%emt 00:12:16]} 33. Rd2 {[%clk 00:24:54]} {[%emt 00:01:05]} Nd5
{[%clk 00:11:41]} {[%emt 00:01:38]} 34. Rd4 {[%clk 00:23:16]} {[%emt 00:02:07]}
Qe7 {[%clk 00:11:10]} {[%emt 00:01:01]} 35. Rd1 {[%clk 00:16:49]} {[%emt
00:06:58]} h6 {[%clk 00:10:28]} {[%emt 00:01:12]} 36. Nd4 {[%clk 00:13:56]}
{[%emt 00:03:23]} Nb6 {[%clk 00:10:17]} {[%emt 00:00:40]} 37. Ne2 {[%clk
00:12:29]} {[%emt 00:01:58]} Na4 {[%clk 00:09:20]} {[%emt 00:01:26]} 38. Rd6
{[%clk 00:10:56]} {[%emt 00:02:04]} Qa7 {[%clk 00:08:13]} {[%emt 00:01:37]} 39.
Qc2 {[%clk 00:07:58]} {[%emt 00:03:27]} Nc5 {[%clk 00:07:29]} {[%emt 00:01:14]}
40. Nf4 {[%clk 00:07:32]} {[%emt 00:00:57]} Qc7 {[%clk 00:05:22]} {[%emt
00:02:36]} 41. Qd1 {[%clk 00:02:54]} {[%emt 00:05:08]} Qe7 {[%clk 00:03:50]}
{[%emt 00:02:01]} 42. Qd4 {[%clk 00:01:55]} {[%emt 00:01:29]} Qg5 {[%clk
00:27:14]} {[%emt 00:07:06]} 43. a4 {[%clk 00:26:55]} {[%emt 00:05:32]} Nxa4
{[%clk 00:24:01]} {[%emt 00:03:43]} 44. Rxa6 {[%clk 00:27:07]} {[%emt
00:00:18]} Qe7 {[%clk 00:24:17]} {[%emt 00:00:13]} 45. Rd6 {[%clk 00:19:42]}
{[%emt 00:07:55]} Nxb2 {[%clk 00:22:15]} {[%emt 00:02:33]} 46. Rd7 {[%clk
00:17:34]} {[%emt 00:02:38]} Qf8 {[%clk 00:19:32]} {[%emt 00:03:12]} 47. Ne2
{[%clk 00:14:30]} {[%emt 00:03:34]} Nd3 {[%clk 00:18:51]} {[%emt 00:01:11]} 48.
Rb7 {[%clk 00:12:49]} {[%emt 00:02:11]} Qe8 {[%clk 00:14:20]} {[%emt 00:05:01]}
49. Rb6 {[%clk 00:11:24]} {[%emt 00:01:56]} Nc5 {[%clk 00:13:30]} {[%emt
00:01:20]} 50. Qd6 {[%clk 00:09:12]} {[%emt 00:02:42]} Na4 51. Rb7 {[%clk
00:09:20]} Ra8 {[%clk 00:09:15]} 52. Qc7 {[%clk 00:08:24]} g6 {[%clk 00:08:55]}
53. Qd6 {[%clk 00:06:33]} Rc8 {[%clk 00:09:06]} 54. Kh2 {[%clk 00:05:54]} Nc5
{[%clk 00:06:58} 55. Rb6 {[%clk 00:06:13]} Ne4 {[%clk 00:06:59]} 56. Qd4 {[%clk
00:06:09]} Ng5 {[%clk 00:07:19]} 57. Qd6 {[%clk 00:05:30]} Rd8 {[%clk
00:06:42]} 58. Qc7 {[%clk 00:05:53]} Qd7 {[%clk 00:06:42]} 59. Qxd7 {[%clk
00:04:59]} Rxd7 {[%clk 00:07:07]} 60. Nd4 {[%clk 00:03:53]} Ne4 {[%clk
00:07:02]} 61. Nxb5 {[%clk 00:03:53]} Nxf2 {[%clk 00:06:37]} 62. Rb8+ {[%clk
00:03:57]} Kh7 {[%clk 00:06:19]} 63. Nd6 {[%clk 00:04:23]} Ng4+ {[%emt
00:01:11]} 64. Kh3 Nxe5 {[%clk 00:05:22]} 65. Ne8 {[%clk 00:05:18]} Rd1 {[%clk
00:05:29]} 66. Nf6+ {[%clk 00:05:42]} Kg7 {[%clk 00:05:57]} 67. Ne8+ {[%clk
00:06:07]} Kf8 {[%clk 00:06:17]} 68. Nd6+ {[%clk 00:06:29]} Ke7 {[%clk
00:06:37]} 69. Nxc4 {[%clk 00:06:57]} Nxc4 {[%clk 00:07:00]} 0-1

[Event "DEM U18 2024"]
[Site "Willingen GER"]
[Date "2024.05.22"]
[Round "6"]
[White "Sidletskyi, Ivan"]
[Black "Vortmeier, Jan"]
[Result "1-0"]
[Termination "normal"]
[Board "4"]
[WhiteTitle "FM"]
[WhiteElo "2346"]
[BlackElo "2082"]
[WhiteClock "00:16:51"]
[BlackClock "00:02:41"]
[PlyCount "61"]
[WhiteFideId "14156024"]
[BlackFideId "16261321"]
[EventCountry "GER"]
[EventRounds "9"]
[EventType "swiss"]
[EventDate "2024.05.18"]

1. e4 {[%clk 01:30:35]} {[%emt 00:00:24]} e5 {[%clk 01:30:44]} {[%emt
00:00:16]} 2. Nf3 {[%clk 01:30:57]} {[%emt 00:00:07]} Nc6 {[%clk 01:31:09]}
{[%emt 00:00:05]} 3. Bc4 {[%clk 01:31:18]} {[%emt 00:00:09]} Nf6 {[%clk
01:31:33]} {[%emt 00:00:06]} 4. d4 {[%clk 01:31:40]} {[%emt 00:00:09]} exd4
{[%clk 01:31:52]} {[%emt 00:00:12]} 5. e5 {[%clk 01:32:02]} {[%emt 00:00:07]}
d5 {[%clk 01:32:16]} {[%emt 00:00:05]} 6. Bb5 {[%clk 01:32:27]} {[%emt
00:00:05]} Nd7 {[%clk 01:32:39]} {[%emt 00:00:08]} 7. O-O {[%clk 01:32:35]}
{[%emt 00:00:21]} Be7 {[%clk 01:32:57]} {[%emt 00:00:13]} 8. Bxc6 {[%clk
01:32:09]} {[%emt 00:00:56]} bxc6 {[%clk 01:33:21]} {[%emt 00:00:06]} 9. Nxd4
{[%clk 01:32:35]} {[%emt 00:00:04]} Nb8 {[%clk 01:33:46]} {[%emt 00:00:05]} 10.
c4 {[%clk 01:32:06]} {[%emt 00:00:59]} O-O {[%clk 01:16:44]} {[%emt 00:17:31]}
11. Qf3 {[%clk 01:27:15]} {[%emt 00:05:22]} dxc4 {[%clk 00:54:13]} {[%emt
00:23:01]} 12. Rd1 {[%clk 01:22:49]} {[%emt 00:04:56]} Qe8 {[%clk 00:43:34]}
{[%emt 00:11:09]} 13. Nc3 {[%clk 01:06:34]} {[%emt 00:16:45]} a5 {[%clk
00:40:51]} {[%emt 00:03:12]} 14. Ne4 {[%clk 00:53:00]} {[%emt 00:14:05]} f6
{[%clk 00:25:16]} {[%emt 00:16:05]} 15. e6 {[%clk 00:41:14]} {[%emt 00:12:16]}
Ra6 {[%clk 00:23:22]} {[%emt 00:02:23]} 16. a4 {[%clk 00:34:36]} {[%emt
00:07:08]} c5 {[%clk 00:22:56]} {[%emt 00:00:56]} 17. Nb5 {[%clk 00:34:52]}
{[%emt 00:00:14]} Qc6 {[%clk 00:23:01]} {[%emt 00:00:25]} 18. Bf4 {[%clk
00:31:25]} {[%emt 00:03:57]} Bb7 {[%clk 00:17:10]} {[%emt 00:06:21]} 19. Re1
{[%clk 00:17:15]} {[%emt 00:14:41]} f5 {[%clk 00:14:35]} {[%emt 00:03:05]} 20.
Nd2 {[%clk 00:17:03]} {[%emt 00:00:42]} Qxf3 {[%clk 00:14:28]} {[%emt
00:00:37]} 21. gxf3 {[%clk 00:17:31]} {[%emt 00:00:01]} c6 {[%clk 00:06:52]}
{[%emt 00:08:06]} 22. Nd6 {[%clk 00:16:30]} {[%emt 00:01:32]} Rb6 {[%clk
00:05:57]} {[%emt 00:01:25]} 23. N2xc4 {[%clk 00:16:47]} {[%emt 00:00:12]} Rb4
{[%clk 00:06:00]} {[%emt 00:00:27]} 24. Bd2 {[%clk 00:16:19]} {[%emt 00:00:58]}
Ba6 {[%clk 00:05:38]} {[%emt 00:00:52]} 25. Bxb4 {[%clk 00:16:42]} {[%emt
00:00:08]} cxb4 {[%clk 00:05:56]} {[%emt 00:00:12]} 26. Rad1 {[%clk 00:16:59]}
{[%emt 00:00:13]} c5 {[%clk 00:06:08]} {[%emt 00:00:18]} 27. Nxa5 {[%clk
00:17:11]} {[%emt 00:00:17]} Rf6 {[%clk 00:06:02]} {[%emt 00:00:37]} 28. Re5
{[%clk 00:16:50]} {[%emt 00:00:50]} Rg6+ {[%clk 00:05:20]} {[%emt 00:01:12]}
29. Kh1 {[%clk 00:17:16]} {[%emt 00:00:05]} h5 {[%clk 00:02:51]} {[%emt
00:02:59]} 30. Nxf5 {[%clk 00:17:13]} {[%emt 00:00:32]} Kf8 {[%clk 00:02:41]}
{[%emt 00:00:40]} 31. h4 {[%clk 00:16:51]} {[%emt 00:00:52]} 1-0

[Event "DEM U18 2024"]
[Site "Willingen GER"]
[Date "2024.05.22"]
[Round "6"]
[White "Farokhi, Keyvan"]
[Black "Spriestersbach, Kai"]
[Result "1-0"]
[Termination "normal"]
[Board "5"]
[WhiteTitle "FM"]
[WhiteElo "2299"]
[BlackElo "2192"]
[WhiteClock "00:19:37"]
[BlackClock "00:18:27"]
[PlyCount "75"]
[WhiteFideId "12998630"]
[BlackFideId "16269985"]
[EventCountry "GER"]
[EventRounds "9"]
[EventType "swiss"]
[EventDate "2024.05.18"]

1. e4 {[%clk 01:30:41]} {[%emt 00:00:17]} e5 {[%clk 01:30:45]} {[%emt
00:00:16]} 2. Nf3 {[%clk 01:30:43]} {[%emt 00:00:28]} Nc6 {[%clk 01:31:10]}
{[%emt 00:00:05]} 3. Bc4 {[%clk 01:28:46]} {[%emt 00:02:27]} Nf6 {[%clk
01:31:35]} {[%emt 00:00:05]} 4. d3 {[%clk 01:26:13]} {[%emt 00:03:02]} h6
{[%clk 01:31:47]} {[%emt 00:00:19]} 5. c3 {[%clk 01:22:04]} {[%emt 00:04:39]}
d6 {[%clk 01:32:05]} {[%emt 00:00:13]} 6. Nbd2 {[%clk 01:22:25]} {[%emt
00:00:09]} g5 {[%clk 01:32:10]} {[%emt 00:00:24]} 7. Nf1 {[%clk 01:22:41]}
{[%emt 00:00:15]} Bg7 {[%clk 01:31:48]} {[%emt 00:00:51]} 8. Ne3 {[%clk
01:17:56]} {[%emt 00:05:15]} Ne7 {[%clk 01:30:08]} {[%emt 00:02:11]} 9. h4
{[%clk 01:13:11]} {[%emt 00:05:14]} g4 {[%clk 01:28:33]} {[%emt 00:02:05]} 10.
Nh2 {[%clk 01:13:14]} {[%emt 00:00:27]} h5 {[%clk 01:27:35]} {[%emt 00:01:28]}
11. Nhf1 {[%clk 01:11:21]} {[%emt 00:02:22]} c6 {[%clk 01:19:26]} {[%emt
00:08:40]} 12. Ng3 {[%clk 01:08:17]} {[%emt 00:03:34]} d5 {[%clk 01:18:22]}
{[%emt 00:01:34]} 13. Bb3 {[%clk 01:08:21]} {[%emt 00:00:25]} Be6 {[%clk
01:14:15]} {[%emt 00:04:38]} 14. Qe2 {[%clk 01:03:34]} {[%emt 00:05:17]} Qd7
{[%clk 01:11:43]} {[%emt 00:03:02]} 15. Bd2 {[%clk 00:53:27]} {[%emt 00:10:37]}
O-O-O {[%clk 01:05:19]} {[%emt 00:06:54]} 16. O-O-O {[%clk 00:52:35]} {[%emt
00:01:21]} Rde8 {[%clk 01:01:56]} {[%emt 00:03:54]} 17. Kb1 {[%clk 00:50:10]}
{[%emt 00:02:55]} Kb8 {[%clk 01:01:17]} {[%emt 00:01:09]} 18. Bc1 {[%clk
00:47:02]} {[%emt 00:03:39]} Ka8 {[%clk 00:58:20]} {[%emt 00:03:26]} 19. f3
{[%clk 00:44:07]} {[%emt 00:03:23]} Bh6 {[%clk 00:54:43]} {[%emt 00:04:08]} 20.
d4 {[%clk 00:39:56]} {[%emt 00:04:42]} exd4 {[%clk 00:39:55]} {[%emt 00:15:18]}
21. Rxd4 {[%clk 00:39:49]} {[%emt 00:00:36]} Qc7 {[%clk 00:38:54]} {[%emt
00:01:32]} 22. Qf2 {[%clk 00:36:08]} {[%emt 00:04:10]} gxf3 {[%clk 00:31:33]}
{[%emt 00:07:52]} 23. Qxf3 {[%clk 00:32:28]} {[%emt 00:04:11]} Nxe4 {[%clk
00:31:08]} {[%emt 00:00:55]} 24. Nxe4 {[%clk 00:32:35]} {[%emt 00:00:23]} dxe4
{[%clk 00:30:00]} {[%emt 00:01:37]} 25. Rxe4 {[%clk 00:32:43]} {[%emt
00:00:22]} Bxb3 {[%clk 00:20:15]} {[%emt 00:10:16]} 26. axb3 {[%clk 00:33:07]}
{[%emt 00:00:05]} Bxe3 {[%clk 00:19:54]} {[%emt 00:00:51]} 27. Qxe3 {[%clk
00:31:31]} {[%emt 00:02:06]} Qd7 {[%clk 00:19:33]} {[%emt 00:00:52]} 28. Re1
{[%clk 00:31:43]} {[%emt 00:00:16]} Qf5 {[%clk 00:18:57]} {[%emt 00:01:07]} 29.
Qg5 {[%clk 00:31:38]} {[%emt 00:00:34]} Qd7 {[%clk 00:18:27]} {[%emt 00:01:00]}
30. Qe3 {[%clk 00:19:37]} {[%emt 00:12:32]} Nc8 31. Ka2 {[%clk 00:19:37]} Rd8
32. Qf4 {[%clk 00:19:37]} Qd5 33. Qe5 {[%clk 00:19:37]} Qd3 34. Bg5 {[%clk
00:19:37]} Rdg8 35. Rd4 {[%clk 00:19:37]} Qg6 36. Qc7 {[%clk 00:19:37]} Nb6 37.
Re7 {[%clk 00:19:37]} Rb8 38. Qxb6 {[%clk 00:19:37]} 1-0

[Event "DEM U18 2024"]
[Site "Willingen GER"]
[Date "2024.05.22"]
[Round "6"]
[White "Garner, Isaac"]
[Black "Rempe, Jonas"]
[Result "1-0"]
[Termination "normal"]
[Board "6"]
[WhiteElo "2289"]
[BlackElo "2170"]
[WhiteClock "00:21:58"]
[BlackClock "00:17:39"]
[PlyCount "133"]
[WhiteFideId "16239261"]
[BlackFideId "16202406"]
[EventCountry "GER"]
[EventRounds "9"]
[EventType "swiss"]
[EventDate "2024.05.18"]

1. Nf3 {[%clk 01:30:36]} {[%emt 00:00:23]} Nf6 {[%clk 01:30:51]} {[%emt
00:00:10]} 2. d4 {[%clk 01:29:05]} {[%emt 00:02:01]} b6 {[%clk 01:28:04]}
{[%emt 00:03:17]} 3. c4 {[%clk 01:24:53]} {[%emt 00:04:42]} Bb7 {[%clk
01:28:31]} {[%emt 00:00:02]} 4. Nc3 {[%clk 01:25:06]} {[%emt 00:00:17]} g6
{[%clk 01:26:27]} {[%emt 00:02:34]} 5. Qc2 {[%clk 01:18:41]} {[%emt 00:06:55]}
Bg7 {[%clk 01:26:04]} {[%emt 00:00:54]} 6. e4 {[%clk 01:18:22]} {[%emt
00:00:48]} d6 {[%clk 01:26:32]} {[%emt 00:00:02]} 7. h3 {[%clk 01:15:45]}
{[%emt 00:03:07]} O-O {[%clk 01:13:57]} {[%emt 00:13:03]} 8. Be3 {[%clk
01:11:46]} {[%emt 00:04:31]} e5 {[%clk 01:08:32]} {[%emt 00:04:27]} 9. d5
{[%clk 01:09:51]} a5 10. g4 {[%clk 01:08:36]} {[%emt 00:09:03]} Na6 {[%clk
01:02:54]} 11. Be2 Nc5 {[%emt 00:09:55]} 12. Nd2 {[%clk 01:01:20]} {[%emt
00:03:21]} Bc8 {[%clk 00:58:16]} 13. O-O-O Ne8 {[%clk 00:58:16]} {[%emt
00:04:52]} 14. g5 {[%clk 00:58:05]} {[%emt 00:04:08]} f6 15. gxf6 {[%emt
00:00:31]} Nxf6 {[%clk 00:55:17]} {[%emt 00:02:45]} 16. Rdg1 {[%clk 00:55:15]}
Bd7 {[%clk 00:48:07]} 17. h4 {[%emt 00:15:09]} Be8 18. Nf1 {[%clk 00:47:57]}
{[%emt 00:05:28]} h6 {[%clk 00:44:59]} {[%emt 00:03:38]} 19. h5 {[%clk
00:36:16]} {[%emt 00:12:11]} g5 {[%clk 00:44:11]} {[%emt 00:01:18]} 20. Ng3
{[%clk 00:34:30]} {[%emt 00:02:17]} Kh7 {[%clk 00:43:26]} {[%emt 00:01:15]} 21.
f3 {[%clk 00:33:54]} {[%emt 00:01:06]} Bd7 {[%clk 00:41:06]} {[%emt 00:02:44]}
22. Kb1 {[%clk 00:31:44]} {[%emt 00:02:45]} Ng8 {[%clk 00:39:25]} {[%emt
00:02:11]} 23. Rh2 {[%clk 00:30:07]} {[%emt 00:02:07]} Bf6 {[%clk 00:39:15]}
{[%emt 00:00:41]} 24. Qd2 {[%clk 00:29:36]} {[%emt 00:01:00]} Ne7 {[%clk
00:38:33]} {[%emt 00:01:12]} 25. Bf1 {[%clk 00:28:28]} {[%emt 00:01:38]} Rg8
{[%clk 00:37:47]} {[%emt 00:01:16]} 26. Nd1 {[%clk 00:26:35]} {[%emt 00:02:23]}
Qf8 {[%clk 00:33:27]} {[%emt 00:04:50]} 27. Nf2 {[%clk 00:25:28]} {[%emt
00:01:38]} Qf7 {[%clk 00:30:39]} {[%emt 00:03:17]} 28. Bh3 {[%clk 00:24:55]}
{[%emt 00:01:03]} Bxh3 {[%clk 00:30:59]} {[%emt 00:00:10]} 29. Rxh3 {[%clk
00:25:12]} {[%emt 00:00:13]} Bh8 {[%clk 00:30:12]} {[%emt 00:01:17]} 30. Ne2
{[%clk 00:24:17]} {[%emt 00:01:26]} Nd7 {[%clk 00:27:29]} {[%emt 00:03:12]} 31.
Nc3 {[%clk 00:21:39]} {[%emt 00:03:09]} Nf6 {[%clk 00:27:05]} {[%emt 00:00:52]}
32. Qe2 {[%clk 00:21:12]} {[%emt 00:00:59]} Raf8 {[%clk 00:24:32]} {[%emt
00:03:01]} 33. Nb5 {[%clk 00:20:25]} {[%emt 00:01:19]} Nc8 {[%clk 00:25:01]}
{[%emt 00:00:01]} 34. Rgh1 {[%clk 00:20:14]} {[%emt 00:00:40]} Ne8 {[%clk
00:24:47]} {[%emt 00:00:45]} 35. a3 {[%clk 00:19:35]} {[%emt 00:01:09]} Bf6
{[%clk 00:23:41]} {[%emt 00:01:36]} 36. Rg3 {[%clk 00:18:05]} {[%emt 00:01:59]}
Bd8 {[%clk 00:23:38]} {[%emt 00:00:34]} 37. Qf1 {[%clk 00:17:57]} {[%emt
00:00:37]} Nf6 {[%clk 00:23:46]} {[%emt 00:00:22]} 38. Qh3 {[%clk 00:18:07]}
{[%emt 00:00:20]} Qd7 {[%clk 00:24:14]} {[%emt 00:00:02]} 39. Kc2 {[%clk
00:16:05]} {[%emt 00:02:33]} Qxh3 {[%clk 00:20:39]} {[%emt 00:04:05]} 40. Rhxh3
{[%clk 00:16:30]} {[%emt 00:00:04]} Kg7 {[%clk 00:20:33]} {[%emt 00:00:36]} 41.
b4 {[%clk 00:16:49]} {[%emt 00:00:12]} axb4 {[%clk 00:21:01]} {[%emt 00:00:02]}
42. axb4 {[%clk 00:17:15]} {[%emt 00:00:03]} Kf7 {[%clk 00:20:56]} {[%emt
00:00:35]} 43. Kd3 {[%clk 00:08:43]} {[%emt 00:09:02]} Ke7 {[%clk 00:18:46]}
{[%emt 00:02:40]} 44. Ke2 {[%clk 00:08:04]} {[%emt 00:01:10]} Kd7 {[%clk
00:15:05]} {[%emt 00:04:10]} 45. Rg1 {[%clk 00:07:52]} {[%emt 00:00:42]} Ne7
{[%clk 00:12:21]} {[%emt 00:03:14]} 46. Nc3 {[%clk 00:07:32]} {[%emt 00:00:50]}
c5 {[%clk 00:08:59]} {[%emt 00:03:52]} 47. bxc5 {[%clk 00:03:31]} {[%emt
00:04:32]} bxc5 {[%clk 00:09:05]} {[%emt 00:00:23]} 48. Ra1 {[%clk 00:03:56]}
{[%emt 00:00:04]} Bc7 {[%clk 00:08:29]} {[%emt 00:01:07]} 49. Rhh1 {[%clk
00:03:29]} {[%emt 00:00:57]} Ra8 {[%clk 00:02:39]} {[%emt 00:06:21]} 50. Na4
{[%clk 00:30:04]} {[%emt 00:03:54]} Rgb8 {[%clk 00:30:46]} {[%emt 00:02:23]}
51. Nd3 {[%clk 00:28:42]} {[%emt 00:01:52]} Nc8 {[%clk 00:26:58]} {[%emt
00:04:18]} 52. Bxc5 {[%clk 00:24:04]} {[%emt 00:05:08]} dxc5 {[%clk 00:26:12]}
{[%emt 00:01:16]} 53. Naxc5+ {[%clk 00:24:05]} {[%emt 00:00:29]} Ke7 {[%clk
00:17:39]} {[%emt 00:09:03]} 54. Ne6 Bd6 55. c5 Nxh5 56. Rxa8 Ng3+ 57. Kd2 Rxa8
58. Rxh6 Ra2+ 59. Kc3 Ne2+ 60. Kb3 Rd2 61. cxd6+ Nxd6 62. Nxe5 Nb5 63. Rh7+ Ke8
64. Nc6 Nc1+ 65. Ka4 Nc3+ 66. Kb4 N3a2+ 67. Ka5 1-0

[Event "DEM U18 2024"]
[Site "Willingen GER"]
[Date "2024.05.22"]
[Round "6"]
[White "Eilenberg, Jonas"]
[Black "Hommer, Jeremy"]
[Result "1-0"]
[Termination "normal"]
[Board "7"]
[WhiteTitle "FM"]
[BlackTitle "FM"]
[WhiteElo "2296"]
[BlackElo "2264"]
[WhiteClock "00:25:49"]
[BlackClock "00:26:02"]
[PlyCount "65"]
[WhiteFideId "16204271"]
[BlackFideId "12992577"]
[EventCountry "GER"]
[EventRounds "9"]
[EventType "swiss"]
[EventDate "2024.05.18"]

1. d4 {[%clk 01:30:57]} {[%emt 00:00:03]} Nf6 {[%clk 01:30:52]} {[%emt
00:00:08]} 2. c4 {[%clk 01:31:21]} {[%emt 00:00:06]} e6 {[%clk 01:31:16]}
{[%emt 00:00:06]} 3. Nc3 {[%clk 01:31:46]} {[%emt 00:00:05]} Bb4 {[%clk
01:31:37]} {[%emt 00:00:10]} 4. e3 {[%clk 01:32:04]} {[%emt 00:00:11]} b6
{[%clk 01:31:23]} {[%emt 00:00:44]} 5. Nge2 {[%clk 01:32:28]} {[%emt 00:00:06]}
O-O {[%clk 01:24:34]} {[%emt 00:07:19]} 6. a3 {[%clk 01:32:52]} {[%emt
00:00:06]} Bxc3+ {[%clk 01:24:45]} {[%emt 00:00:19]} 7. Nxc3 {[%clk 01:33:19]}
{[%emt 00:00:02]} Bb7 {[%clk 01:25:05]} {[%emt 00:00:10]} 8. Bd3 {[%clk
01:31:43]} {[%emt 00:02:06]} d6 {[%clk 01:24:43]} {[%emt 00:00:52]} 9. f4
{[%clk 01:25:29]} {[%emt 00:06:44]} Nbd7 {[%clk 01:23:09]} {[%emt 00:02:04]}
10. e4 {[%clk 01:23:51]} {[%emt 00:02:09]} e5 {[%clk 01:19:24]} {[%emt
00:04:16]} 11. fxe5 {[%clk 01:24:02]} {[%emt 00:00:18]} dxe5 {[%clk 01:17:35]}
{[%emt 00:02:19]} 12. d5 {[%clk 01:24:25]} {[%emt 00:00:07]} Ne8 {[%clk
01:14:37]} {[%emt 00:03:28]} 13. O-O {[%clk 01:24:48]} {[%emt 00:00:07]} a5
{[%clk 01:11:17]} {[%emt 00:03:51]} 14. Be3 {[%clk 01:21:29]} {[%emt 00:03:48]}
Qe7 {[%clk 01:10:26]} {[%emt 00:01:21]} 15. Na4 {[%clk 01:16:40]} {[%emt
00:05:19]} Ba6 {[%clk 01:02:59]} {[%emt 00:07:58]} 16. Rc1 {[%clk 01:12:28]}
{[%emt 00:04:41]} Nd6 {[%clk 00:57:00]} {[%emt 00:06:29]} 17. c5 {[%clk
00:59:08]} {[%emt 00:13:50]} bxc5 {[%clk 00:53:57]} {[%emt 00:03:33]} 18. Nxc5
{[%clk 00:58:13]} {[%emt 00:01:24]} Nxc5 {[%clk 00:52:16]} {[%emt 00:02:12]}
19. Bxc5 {[%clk 00:58:26]} {[%emt 00:00:17]} Bxd3 {[%clk 00:52:17]} {[%emt
00:00:29]} 20. Qxd3 {[%clk 00:58:54]} {[%emt 00:00:02]} Rfb8 {[%clk 00:51:52]}
{[%emt 00:00:54]} 21. Rf2 {[%clk 00:54:57]} {[%emt 00:04:28]} Qg5 {[%clk
00:50:43]} {[%emt 00:01:36]} 22. Rc3 {[%clk 00:45:22]} {[%emt 00:10:07]} Nb5
{[%clk 00:44:05]} {[%emt 00:07:09]} 23. Rcc2 {[%clk 00:42:09]} {[%emt
00:03:43]} a4 {[%clk 00:42:17]} {[%emt 00:02:18]} 24. Rf5 {[%clk 00:39:00]}
{[%emt 00:03:39]} Qh4 {[%clk 00:33:39]} {[%emt 00:09:07]} 25. Rxe5 {[%clk
00:33:54]} {[%emt 00:05:36]} g6 {[%clk 00:33:13]} {[%emt 00:00:57]} 26. Qg3
{[%clk 00:31:31]} {[%emt 00:02:53]} Qd8 {[%clk 00:31:25]} {[%emt 00:02:17]} 27.
Re7 {[%clk 00:29:00]} {[%emt 00:03:02]} Nd4 {[%clk 00:26:54]} {[%emt 00:05:01]}
28. Rf2 {[%clk 00:28:44]} {[%emt 00:00:45]} Rb5 {[%clk 00:27:10]} {[%emt
00:00:14]} 29. Qc3 {[%clk 00:26:00]} {[%emt 00:03:14]} Raa5 {[%clk 00:25:12]}
{[%emt 00:02:29]} 30. Qxd4 {[%clk 00:25:04]} {[%emt 00:01:26]} Rxc5 {[%clk
00:25:32]} {[%emt 00:00:10]} 31. Rfxf7 {[%clk 00:25:12]} {[%emt 00:00:21]} Rc1+
{[%clk 00:25:54]} {[%emt 00:00:09]} 32. Kf2 {[%clk 00:25:37]} {[%emt 00:00:04]}
Rc2+ {[%clk 00:26:02]} {[%emt 00:00:22]} 33. Ke3 {[%clk 00:25:49]} {[%emt
00:00:18]} 1-0